| 000 | nam a22 a 4500 | ||
|---|---|---|---|
| 999 |
_c430961 _d430961 |
||
| 003 | BLK | ||
| 005 | 20210902134604.0 | ||
| 008 | 180409b bul|||||r ||||||| ||bul|| | ||
| 040 | _aBLK | ||
| 041 |
_aRUS _cRUS |
||
| 080 |
_aСредновековна и нова обща история _b94 _z94 |
||
| 100 |
_9445744 _aКарлейль, Томас _eпърви автор |
||
| 139 | _aКарлейль, Томас | ||
| 245 | 1 | 0 |
_aГерои и героическое в истории _bПубл. беседы Томаса Карлейля _cТомаса Карлейля; пер. с англ. В. И. Яковенко |
| 250 | _a2. изд. | ||
| 260 |
_bФ. Павленков _c1898 _9435310 _aСанкт-Петербург |
||
| 300 |
_a[4], 340 с., 1 л. фронт. (портр.) _c19 см |
||
| 380 | _a9 | ||
| 490 |
_9435080 _aКолекция Редки и ценни издания |
||
| 650 | 0 |
_aИсторически науки _9296317 |
|
| 700 |
_9324494 _aЯковенко, Валентин Иванович _eпърви автор |
||
| 852 |
_aРр 898 _bРц |
||
| 942 |
_cKNG _n0 _s1 |
||
| 944 |
_aCR _c2021-09-02 _kнр |
||